Estatísticas para As Maiores Cidades de Santa Catarina

Clique aqui para jogar o quiz

Estatísticas Gerais

  • Esse quiz foi jogado 50 vezes
  • A pontuação média é 11 de 14

Estatísticas das Respostas

PopulaçãoCidade% Correto
537.213Florianópolis
100%
616.323Joinville
100%
361.261Blumenau
92%
254.781Chapecó
92%
214.493Criciúma
89%
139.155Balneário Camboriú
86%
270.295São José
78%
164.981Lages
73%
110.088Tubarão
70%
264.054Itajaí
68%
222.598Palhoça
68%
141.385Brusque
59%
182.660Jaraguá do Sul
57%
103.074Camboriú
51%

Distribuição das Pontuações

Percentil de Números Respondidos

Porcentagem de Pessoas com Cada Pontuação

Sua Pontuação Histórica

Você não jogou esse quiz